000 00563nam a22001817a 4500
005 20251108173013.0
008 250721s2004 xx 000 0 ara d
082 1 4 _a302.2/خزا
100 1 _aالخزاعي، حسين
245 1 0 _aمهارات الإتصال في الخدمة الإجتماعية /
264 1 _aعمان :
_bدار البركة للنشر و التوزيع،
_c2004.
300 _a291 ص.
650 1 7 _aالإتصال
650 1 7 _aالإعلام
650 1 7 _aالخدمة الإجتماعية
942 _2ddc
_cBK
999 _c93819
_d93819